01985agaaa2200301 45000010005000000030009000050050017000140070009000310080040000400400023000800410013001031000044001161300035001602400024001952450190002192460017004092500022004262600139004483000034005875080119006215110091007405200643008315380016014745460013014906500066015037000056015697000058016258594IT-RoPAU20220918181257.0d cvaizq50131s9999||||xx ||| | || ||und|| aIT-RoPAUcIT-RoPAU aITALIANO aRohmer EricgCodice regista SPICS: 1948 aTRIPLE AGENT - AGENTE SPECIALE aTRIPLE AGENTgT3775 aTRIPLE AGENT - AGENTE SPECIALEcProdotto da: Etchegary F. -- Sceneggiatura: Rohmer Eric -- Diretto da: Rohmer EricpTRIPLE AGENT - AGENTE SPECIALE (Rif. Codice opera principale : H8594) aTRIPLE AGENT aEdizione Standard a(FRA - SPA - ITA - GRE)bREZO PRODUCTION - FRANCE 2 CINEMA - BIM / Distribuzione: IBSg"2004 (1° ed.: 2009 ; Ed. Lingua Orig.: 2004)" aDVDbsonoro, col.c110 minuti a"Fotografia: Baratier Diane; Montaggio: Stephen Mary; Sceneggiatura: Rohmer Eric; Scenografia: Fontaine Antoine; " a"Claire Cyrielle; Langlet Amanda; Salinger Emmanuel; Manoukov Grigori; Didasckalou K." aE' IL 1936, IN FRANCIA IL FRONTE POPOLARE VINCE LE ELEZIONI, LA SPAGNA STAPER ESSERE TRAVOLTA DALLA GUERRA CIVILE E L'INTERA EUROPA CONOSCERA' PRESTO LE MIRE ESPANSIONISTICHE DI HITLER. FJODOR, EX GENERALE DELL'ESERCITO ZARISTA ESULE A PARIGI, E LA MOGLIE ARSINOE' CERCANO DI SOPRAVVIVERE COME TANTI. O MEGLIO NON PROPRIO COME TANTI, DAL MOMENTO CHE FJODOR E' UNA SPIA DOPPIO (O PERSINO TRIPLO) GIOCHISTA, CON PREDILEZIONE PER L'INTRIGO INTERNAZIONALE. ISPIRANDOSI A UNA VICENDA VERA, TUTT'ORA IRRISOLTA, ROHMER COSTRUISCE UNA SPY-STORY SU UN CASTELLO DI BUGIE, AMBIGUITA', RETICENZE E DEPISTAGGI SCOPRENDO VERITA' SCOMODE ED INQUIETANTI. aPAL, STEREO aITALIANO aDRAMMA - THRILLEReDVD-FILM [DVD]xCodice MATERIA SPICS: 9947 aRohmer Eric e(regista)gCodice regista SPICS: 1948 aRohmer Eric e(soggetto)gCodice Soggetto SPICS: 1948